[Event "Copenhagen op"]
[Site "Copenhagen"]
[Date "1989.??.??"]
[Round "4"]
[White "Sznapik, Aleksander"]
[Black "Iskov, Gert"]
[Result "1-0"]
[WhiteElo "2455"]
[BlackElo "2325"]
[PlyCount "61"]
[EventDate "1989.06.??"]

{COPYRIGHT WARNING: This game has been prepared by Chess Publishing Ltd for the exclusive private use of guest users, and may not be redistributed in any way without the prior written consent of Chess Publishing Ltd.}

1. e4 d5 2. exd5 Nf6 3. d4 Nxd5 4. Nf3 g6 5. Be2 Bg7 6. O-O O-O 7. c4 Nb6 8. h3
c6 $5 9. Nc3 Be6 10. b3 c5 11. Be3 Nc6 12. d5 $1 Bxc3 13. dxe6 $1 fxe6 14. Bxc5
$1 Bxa1 15. Qxa1 Nd7 16. Be3 Qc7 17. Ng5 Rf6 18. Bg4 $1 Nf8 19. Ne4 Rf7 20. Nc5
h5 21. Bf3 $1 Rxf3 $5 22. gxf3 Ne5 23. Kg2 Rd8 24. Re1 $1 Nf7 25. Ne4 Nh7 26.
Qb1 $1 Kg7 27. Nc5 Nf8 28. Qe4 $1 $18 Nd6 29. Qe5+ Kf7 30. Bh6 Ne8 31. Qh8 $1
1-0